00789 2200193 4500245004400000020002200044250001100066100001700077700001900094700001200113650001700125005001900142260003300161041001400194084000800208300002300216500034700239336000900586 aHoliday at SpapizdacDewi CendikahText a978-979-066-833-1 aCet. 1 aDewi Cendika aDadan Ramadhan aBeby H. aNovel Remaja a20240131074828 aBandungbMizan Pustakac2011 aIndonesia a813 a204 hlm. :cilust. aDari mana Kakak mendapat ide menulis? Selain terinspirasi dari tingkah Princess Saskia Dahayu Cennyta dan Prince Sayudha Lucky Dezniag, dua malaikat mungil Kakak tercinta. Kakak suka berteman dan mengobrol dengan anak-anak seusiamu di sekitar rumah Kakak di jalan, juga saat Kakak sedang berada di kendaraan umum. Mereka sangat lucu dan unik. atext